| 000 | 01624nam a22003617a 4500 | ||
|---|---|---|---|
| 003 | OSt | ||
| 005 | 20260420141200.0 | ||
| 008 | 260420t2011 xxu||||| |||| 00| 0 eng d | ||
| 020 | _a9783642127045 | ||
| 020 | _a9783642127045 | ||
| 040 |
_aUnicoc _bspa _c00001 _d00001 |
||
| 082 | _a611.91 | ||
| 100 |
_913004 _aKau, Chung How |
||
| 245 |
_aCone beam CT of the head and neck _b: An anatomical atlas _c/ Chung How Kau |
||
| 250 | _a1 Ed. | ||
| 260 |
_aAlemania : _bSpringer , _c2011 |
||
| 300 |
_a76 páginas _bIlustraciones, diagramas, tablas, gráficas |
||
| 500 | _aIncluye referencias bibliográficas | ||
| 505 |
_t1. Introduction. -- _t2. Conventional computed tomography. -- _t3. CBCT. -- _t4. CBCT data. -- _t5. CBCT acquisition systems. -- _t6. Uses of CBCT technology. -- _t7. Diagnosis. -- _t8. Clinical Applications of the CBCT. -- _t9. Late evaluation with CBCT. -- _t10. The purpose of the clinical atlas. |
||
| 526 | _5Unicoc | ||
| 546 | _aInglés | ||
| 650 | 0 |
_913008 _aTomografía de cabeza |
|
| 650 | 0 |
_913009 _aTomografía de cuello |
|
| 650 | 0 |
_913010 _aTomografía computarizada _xCBCT |
|
| 650 | 0 |
_924 _aDiagnóstico por imágenes |
|
| 658 | 0 |
_98315 _aPrograma de Odontología |
|
| 658 | 0 |
_911722 _aEspecialización en Ortodoncia y Ortopedia Maxilar |
|
| 700 |
_913005 _a Abramovitch, Kenneth |
||
| 700 |
_913006 _aGalal Kamel, Sherif |
||
| 700 |
_913007 _aBozic, Marko |
||
| 856 |
_yAcceso online exclusivo para comunidad Unicoc. _uhttps://unicoceduco-my.sharepoint.com/:b:/g/personal/direccionbiblioteca_unicoc_edu_co/IQDcj4Bbie3yTJhplHqJ31N0ASs7Yxvrukw3SdHixfiFOAM |
||
| 942 |
_2ddc _cEBOOK |
||
| 999 |
_c10870 _d10870 |
||